| 000 | 00590nam a2200229Ia 4500 | ||
|---|---|---|---|
| 003 | GCL | ||
| 008 | 140319s9999 xx 000 0 eng d | ||
| 040 |
_aGCL / _cGCL |
||
| 082 | 0 | 4 |
_a751.4 _bA B |
| 100 | 1 | _aALBERT, GREG | |
| 245 | 1 | 0 |
_aBASIC LANDSCAPE TECHNIQUES / _cALBERT, GREG |
| 700 | 1 | _aWOLF, RACHEL RUBIN | |
| 260 |
_a[S.N] : _bNORTH LIGHT BOOKS ، _c1993 |
||
| 300 | _a119 P | ||
| 650 | 0 | 4 | _aALBERT - GREG |
| 650 | 0 | 4 | _aARTS |
| 650 | 0 | 4 | _aLANDSCAPE PAINTINGS |
| 650 | 0 | 4 | _aWOLF, RACHEL RUBIN |
| 650 | 0 | 4 | _aLANDSCAPE IN ART |
| 650 | 0 | 4 | _aART - TECHNIQUE |
| 942 |
_2ddc _cBK |
||
| 999 |
_c15816 _d15816 |
||